Hippoterapia v rehabilitácii

Bibliographic Details
Main Author: Gúth, Anton, 1951-2023 (Author)
Format: Article
Language:Slovak
ISSN:0375-0922
Subjects:

MARC

LEADER 00000nab a2200000 a 4500
001 vtls000560766
003 SK-MaSNL
005 20260304094903.0
008 250425c1995 xo 0 slo
015 |a SNBRB19rr/mm-uuuuu 
035 |a CL0560904 
035 |a urn:nbn:sk:snk-ab7fuz 
035 |a (urnnbn)urn:nbn:sk:snk:ar-005dxv 
035 |a (uuid)bed0226f-363f-4ee1-bd8f-4a94a6b744d2 
040 |a SNKBUCL  |b slo  |c SNKBUCL  |e AACR2 
041 0 |a slo 
044 |a xo  |c SK 
080 |a 615.825:798  |2 1981 
080 |a 798  |2 1981 
100 1 |a Gúth, Anton,  |d 1951-2023  |4 aut  |9 89987 
245 1 0 |a Hippoterapia v rehabilitácii  |c A. Gúth 
650 0 7 |a hipoterapia  |2 snkbucl  |9 13752 
655 7 |a články z novín a časopisov  |2 snkbucl  |9 267496 
773 0 |t Rehabilitácia  |g Roč. 28, č. 3 (1995), s. 131  |x 0375-0922 
850 |a Slovenská národná knižnica 
852 |a Slovenská národná knižnica 
954 |a odborná, vedecká literatúra pôvodná (slovenská)  |2 lita 
958 |a article7 
958 |a OND 
958 |a RK 
958 |a MI 
958 |a EUIPO 
992 |a RBX 
999 |c 2829489  |d 2831419